David Costabile Recurring TV Roles Quiz Stats

 Plays Quiz not verified by Sporcle

Score 0/5 Timer 01:00
0 Plays Today
Year and Network Show % Correct
2010-2013, AMCBreaking Bad
92%
2008, HBOThe Wire
60%
2012-2013, USASuits
40%
2007-2009, HBOFlight of the Conchords
20%
2007-2009, FXDamages
20%

You're not logged in!

Compare scores with friends on all Sporcle quizzes.
OR
Log In

Show Comments

Extras

Top Quizzes Today


Score Distribution

Your Account Isn't Verified!

In order to create a playlist on Sporcle, you need to verify the email address you used during registration. Go to your Sporcle Settings to finish the process.

Report this User

Report this user for behavior that violates our Community Guidelines.

Details: